Egy pedagógus irodalmár Garaj Lajos nyugalmazott egyetemi tanár a napokban ünnepelte hetvenedik születésnapját

Podrobná bibliografia
Hlavný autor: Pašiaková, Jaroslava, 1931- (Autor)
Médium: Článok
Jazyk:maďarčina
Fyzický popis:Fotogr.
Predmet:

MARC

LEADER 00000nab a2200000 a 4500
001 vtls000805978
003 SK-MaSNL
005 20260318122357.0
008 160322c2002 xo 0 hun
015 |a SNBRB2002/09-27704 
035 |a CLN000157633 
040 |a SNKBUCL  |b slo  |c SNKBUCL  |e AACR2 
041 0 |a hun 
044 |a xo  |c SK 
080 |a 37-051  |2 UDC-MRF-SK2 
080 |a 378.124(437.6=945.11)  |2 UDC-MRF-SK2 
080 |a 929 Garaj, Lajos  |2 UDC-MRF-SK2 
080 |a 82.035  |2 UDC-MRF-SK2 
100 1 |a Pašiaková, Jaroslava,  |d 1931-  |4 aut  |9 111761 
245 1 0 |a Egy pedagógus irodalmár  |b Garaj Lajos nyugalmazott egyetemi tanár a napokban ünnepelte hetvenedik születésnapját  |c Jaroslava Pašiaková 
300 |b Fotogr. 
600 1 7 |a Garaj, Lajos,  |d 1932-2008  |2 snkbucl  |9 110163 
655 7 |a články z novín a časopisov  |2 snkbucl  |9 267496 
773 0 |t Új szó  |g Roč. 55, č. 202 (31.8.2002), s. 7 
850 |a Slovenská národná knižnica v Martine 
852 |a SNK  |b KIS3GCP 
958 |a HU 
958 |a SK 
958 |a BX 
958 |a RBX 
999 |c 3207324  |d 3209254